| 000 | 00592nam a2200229Ia 4500 | ||
|---|---|---|---|
| 003 | OSt | ||
| 005 | 20140319122854.0 | ||
| 008 | 140130s9999 xx 000 0 und d | ||
| 020 | _a0439715652 | ||
| 050 |
_aAG 243 _b.C355 2005 |
||
| 100 | _aCalkhoven, Laurie | ||
| 245 |
_cLaurie Calkhoven. _aGuinness world records : _bfearless feats / |
||
| 260 |
_bScholastic, _a2005. _cNew York : |
||
| 300 |
_a88 p. : _bill. ; _c18 cm. |
||
| 440 | _v1 | ||
| 521 | _aG12 | ||
| 526 | _c1100 | ||
| 650 | _aCuriosities and wonders. | ||
| 650 | _aWorld records. | ||
| 942 |
_cBK _2lcc |
||
| 999 |
_c41425 _d41425 |
||